[Event "Rubinstein Memorial 32nd"]
[Site "Polanica Zdroj"]
[Date "1995.??.??"]
[Round "2"]
[White "Huebner, Robert"]
[Black "Tiviakov, Sergei"]
[Result "1-0"]
[WhiteElo "2630"]
[BlackElo "2655"]
[Annotator "Huebner,R"]
[PlyCount "79"]
[EventDate "1995.08.??"]
[EventType "tourn"]
[EventRounds "11"]
[EventCountry "POL"]
[EventCategory "14"]
[SourceTitle "CBM 049"]
[Source "ChessBase"]
[SourceDate "1995.12.01"]
[SourceVersion "1"]
[SourceVersionDate "1995.12.01"]
[SourceQuality "1"]

1. d4 {Dolmatov Hansen,Cu} Nf6 2. Nf3 e6 3. g3 b6 4. Bg2 Bb7 5. c4 Bb4+ 6. Bd2
Be7 7. Nc3 c6 8. O-O (8. e4 d5 9. cxd5 (9. exd5 exd5 (9... cxd5 10. Ne5 O-O 11.
O-O Nc6 12. Qa4 Rc8 13. Rac1 Nxe5 14. dxe5 Nd7 15. cxd5 exd5 16. Nxd5 Rxc1 17.
Bxc1 Bxd5 18. Bxd5 Nxe5 19. Rd1 $14) 10. cxd5 Nxd5 11. Nxd5 cxd5 12. O-O Nc6
13. Bf4 O-O 14. Ne5 Nxe5 15. Bxe5 $10 {Van Gisbergen,S-Hoeksema,/NLD-ch/1994})
9... cxd5 10. e5 Ne4 11. O-O O-O 12. Re1 Nxd2 (12... Nxc3 13. bxc3 Ba6 14. h4
Nc6 15. Ng5 Na5 16. Qb1 g6 17. Nf3 $40 {Ruban,V-Tiviakov,S/St. Petersburg/1993}
) 13. Qxd2 Ba6 14. a3 Nc6 15. b4 Bc4 $10 {Karpov,An-Tiviakov,S/Linares/1995})
8... d5 9. Ne5 O-O 10. Bf4 (10. cxd5 {Dolmatov} cxd5 11. Qa4 a6 12. Rfc1 b5 13.
Qb3 Nfd7 {Hjartarson,J-Lein,A/Yestmannaeyjum/1985/ ;MCL 01}) 10... Nbd7 (10...
Nfd7 {Hansen,Cu} 11. e4 (11. Nxd7 Qxd7 12. Qd3 Ba6 13. b3 b5 14. cxb5 cxb5 15.
Qd2 Nc6 16. Rfd1 f5 17. h4 Bf6 $10 {Kuligowski,A-Adamski,J/POL-ch (05) 1980 
(32)}) (11. cxd5 cxd5 12. Rc1 (12. e4 Nxe5 13. Bxe5 dxe4 14. Nxe4 Nc6 $10 {
Vyzmanavin,A}) (12. Nxd7 Qxd7 13. Rc1 Nc6 14. e4 dxe4 15. d5 exd5 16. Nxd5 Bc5
17. Nf6+) 12... Nxe5 13. Bxe5 Nc6 $10 {Winants,L-Shvidler,E/Tel-Aviv (09) 1989}
) 11... Nxe5 12. Bxe5 dxc4 13. Qg4 g6 14. Bf4 (14. Rad1 Nd7 15. Bf4 Nf6 (15...
b5 {/\ Re8, Qb6, c5}) 16. Qe2 b5 $13 17. a3 (17. h4 $1 Re8 18. Bg5 Nd7 (18...
Nh5 $5 19. Be3 $5 {Vyzmanavin,A}) 19. Bxe7 Qxe7 20. e5 {Epishin,V-Vyzmanavin,A/
URS/1990/} Rab8 (20... f5 $1 21. Nxb5 cxb5 22. Bxb7 Rab8 23. Bg2 $14 {
Vyzmanavin,A}) 21. h5 f5 (21... c5 22. hxg6 hxg6 23. Bxb7 Rxb7 24. Ne4 cxd4 25.
Rxd4 Nxe5 26. Nd6 Nd3 27. Nxe8 Qxe8 28. b3 Rd7 29. Qe3 $1 $14) 22. exf6 Nxf6
23. hxg6 hxg6 24. Rfe1 Rbd8 25. Qe5 $1 $14 {Epishin,V-Vyzmanavin,A/URS ch 50/
523 1990 (40)}) 17... a5 18. Rfe1 Re8 $13 {Maderna,C-Martin,P/Mar del Plata zt
(08) 1951}) 14... Na6 15. a3 Nc7 16. Rad1 Nb5 17. Ne2 Nd6 18. Qf3 Qd7 19. Qc3
Rfd8 20. Bxd6 Qxd6 21. e5 Qc7 22. Qxc4 Rd7 $15 {Karpov,Anatoly-Ljubojevic,
Ljubomir/Monaco AMBER rapid (11) 1993}) 11. Rc1 (11. Nxd7 Nxd7 12. cxd5 (12.
Qa4 a6 13. cxd5 cxd5 (13... b5 {MClas 03} 14. Qb3 cxd5 15. Rac1 Rc8 16. a4 b4
17. Nb1 Qa5 {Bolbochan,Ja-Guimard,C/Mar del Plata zt/1951/}) 14. Rfc1 Rc8 15.
Qb3 b5 16. a4 b4 17. Na2 Qb6 $10 {Ivkov-Sanguineti/Mar del Plata (13) 1959 (42)
}) 12... exd5 13. Rc1 Nf6 14. Qd3 Re8 15. Rfe1 Bf8 $10 {Karpov,An-Ljubojevic,L/
WchT Luzern 1989 (28)} (15... Bf8 {Hansen,Cu} 16. h3 Qe7 17. g4 Qe6 $13 {
Karpov,An-Ljubojevic,L/WchT Luzern 1989 (28)})) (11. Qa4 Nxe5 12. Bxe5 a6 13.
Qb3 b5 14. cxd5 cxd5 15. Rfc1 Qa5 $13 {Tukmakov,V-Tiviakov,V/New York GP Qual
(05) 1994 (17)} (15... Qa5 {Hansen,Cu} 16. Rc2 Rfc8 17. Rac1 Nd7 $10 {Tukmakov,
V-Tiviakov,V/New York GP Qual(05) 1994})) (11. e4 Nxe5 12. dxe5 (12. Bxe5 dxc4)
12... Nxe4 13. Nxe4 dxe4 14. Bxe4 (14. Qxd8 Rfxd8 15. Bxe4 Rd7 $10) 14... Qc7
$10 (14... Qxd1 {Hansen,Cu} 15. Rfxd1 Rfd8 $10 {Dautov,R-Bischoff,K/Altensteig
(08) ;CBM 49_08 1995 (29)})) 11... Nh5 $6 (11... Rc8 $5) (11... Nxe5 {Dolmatov}
12. dxe5 Nd7 13. cxd5 cxd5 14. Nb5 Nc5 $14) 12. Be3 Nhf6 13. f4 {[%csl Ge5]
><e5} (13. Qa4 Nxe5 14. dxe5 Nd7 15. cxd5 cxd5 16. f4 a6 $10) 13... Rc8 (13...
Nxe5 14. fxe5 (14. dxe5 {Hansen,Cu} Ng4 15. Bd4 $14) 14... Nd7 (14... Ng4 15.
Bf4 Bg5 (15... g5 16. e4) 16. Qd2 $16) 15. cxd5 cxd5 16. Bf4 $14) (13... c5 14.
cxd5 Nxd5 15. Nxd5 exd5 (15... Bxd5 $2 16. Bxd5 exd5 17. Nc6) 16. dxc5 $14) 14.
Bf2 {[%cal Ye2e4] Hansen,Cu: /\ 15.e4 /\e2-e4} (14. Kh1 c5 $13 {(15. Qa4 cd4
16. Bd4 Ne5 17.... Rc4)}) 14... Nxe5 (14... c5 15. cxd5 Nxd5 (15... exd5 16.
Qa4 $14 (16. dxc5 $6 {Dolmatov} Nxe5 $1 17. fxe5 Ng4 $132)) 16. e4 {17.d5}) 15.
dxe5 Ng4 {[%cal Yg4f2,Ye7c5] /\16..Nxf2 17.Rxf2 Bc5} 16. Bd4 dxc4 (16... c5 $2
17. Bf2 {[%csl Rd5] Xd5} (17. Bf2 {Dolmatov} Nxf2 18. Rxf2 $16)) (16... Bc5 {
Dolmatov} 17. Bxc5 bxc5 18. Rf3 $16) 17. h3 c5 $6 (17... Nh6 18. g4 {[%csl Rd6,
Rh6][%cal Yc3e4] /\Ne4, פh6,><d6} Qc7 {Xe5} (18... Rc7 19. Be3 Rd7 (19... Qxd1
20. Rfxd1 {21.Ne4, 21.f5+/-}) 20. Qa4 b5 21. Qxa7 $13) 19. Be3 Rfd8 20. Qc2 (
20. Qa4 b5 21. Qxa7 Ra8 22. Qb6 Qc8 (22... Qxb6 $2 23. Bxb6 Rd2 24. Rfd1 $16)
23. Rfd1 Ra6 24. Rxd8+ Bxd8 25. Qd4 Bb6 $13) 20... c5 21. Ne4 (21. Nb5 Qb8 22.
Qxc4 a6 23. Nc3 b5 $17) 21... b5 22. Ng5 (22. f5 $2 Qxe5 23. f6 Bxe4) 22... g6
23. Ne4 $13) 18. Bxb7 cxd4 19. hxg4 Rc7 $8 (19... dxc3 20. Bxc8 cxb2 (20...
Qxc8 21. Rxc3 $18) 21. Qxd8 (21. Rxc4 $18 {Dolmatov}) 21... Rxd8 22. Rxc4 Bc5+
23. Kg2 Rxc8 24. Rb1 $18) 20. Ne4 (20. Nb5 $2 Rxb7 21. Nxd4 (21. Rxc4 $2 Qd5)
21... Rd7 22. e3 (22. Rxc4 $2 b5 $19) 22... b5 $15) (20. Be4 $6 dxc3 21. Rxc3
$10) 20... Rxb7 (20... b5 21. Ba6 Qd5 22. Nd6 Bxd6 23. exd6 Rc5 24. a4 b4 25.
b3 cxb3 26. Rxc5 Qxc5 27. Qxb3 d3+ 28. Kh2 $18) 21. Rxc4 {[%csl Ge4,Rd4,Rd6,
Rh7][%cal Yh1h7] קd6,><d6,><h7, <->h} Qd5 22. Qd3 (22. Qxd4 $2 b5 $19) (22.
Rxd4 Qxa2 (22... Bc5 23. Nxc5 Qxc5 24. e3 $16) 23. Nd6 (23. f5 Bc5 24. Nxc5
bxc5 25. Rd8 Rb8) (23. Qc2 {Dolmatov} Bc5 $10) 23... Rd7 24. Qd2 Rfd8 $13)
22... Rd7 {[%cal Yb6b5,Yd5a2] /\b6-b5,Qxa2} (22... b5 23. Rxd4 Qxa2 24. f5 $40
(24. b4 {Dolmatov} a5 $14)) 23. b3 $6 (23. g5 $142 $5 b5 24. Rc2 Qxa2 25. Qxb5
(25. b3 Qa6 $13) 25... Qd5 26. Qxd5 (26. Qd3 Rb7 {/\ 27...Rb3}) 26... exd5 (
26... Rxd5 27. Rc7 $16) 27. Nf2 $16) 23... f6 $8 24. exf6 Bxf6 $2 {Xe4;} (24...
gxf6 $142 25. Rfc1 (25. Rd1 f5 (25... Rfd8 26. Nd2 f5 27. g5 Bf8 28. Nf3 Bg7
29. Rdc1 $16) 26. gxf5 exf5 27. Nd2 b5 28. Rc2 Bc5 $13) (25. Nd2 b5 26. Rc2 Bc5
$13) 25... f5 26. gxf5 exf5 27. Nd2 Bf6 28. Nf3 $15) 25. Rd1 {[%cal Ye4f6,
Yc4d4] /\Nxf6 + Rxd4} Rfd8 26. Qf3 {[%csl Rh7][%cal Yg1g2,Yg4g5,Yd1h1,Yh1h7] /
\Kg2,g4-g5,Rd1-h1,><h7} (26. g5 {Dolmatov} Be7 27. Kf2 $14) 26... h6 27. Kg2 {
/\28.Nf2} Qa5 (27... Be7 {Dolmatov} 28. e3 $6 (28. Rd3 $16) 28... d3 29. Rd4
Qb5) 28. a4 {[%csl Rd4,Re6,Rg6][%cal Ye4f6,Yf3e4] /\Sxf6+ +Qe4, קe6,קd4,><g6,
} Be7 29. Nf2 b5 (29... Qd5 {Hansen,Cu} 30. e4 $16 {[%cal Yf2d3]}) 30. axb5
Qxb5 31. Rd3 {/\32.Qe4} Rd5 (31... Qd5 32. Qxd5 Rxd5 33. Rc7 R8d7 34. Rxd7 Rxd7
35. Kf3 $18) (31... a5 $5 {Hansen,Cu}) 32. Qe4 Qd7 {[%csl Rd4,Re6] קe6,קd4}
33. Rd2 {/\ 34.Nd3} Rd6 34. Nd3 {[%csl Gd3,Re5][%cal Yd3e5,Ye5c6]} Qb5 (34...
Rb6 $5 {Dolmatov} 35. Ne5 Qd5 $16) 35. Rc7 {[%cal Yc7h7]} Bf6 $6 (35... R8d7
$142 36. Rxd7 (36. Qa8+ $5) 36... Qxd7 37. Ne5 Qc8 (37... Qb5 38. Nc4 Ra6 39.
Rxd4 Qxb3 40. Rd7) 38. Rxd4 (38. Rc2 $5) 38... Rxd4 39. Qxd4 Qb7+ 40. Kh2 Qxb3
41. Qxa7 $16) 36. Rb7 $18 Qa6 (36... Rb6 37. Qxe6+) (36... Qd5 {Dolmatov} 37.
Qxd5 Rxd5 38. Rxa7 Rb8 39. b4 $16) 37. Rc2 {[%cal Yc2c7,Yc7h7]} Re8 (37... R6d7
38. Rxd7 Rxd7 39. Rc6) 38. Rcc7 {[%cal Yb7h7]} Qa5 39. Qg6 Qd5+ 40. Kf2 1-0

[Event "ESP-chT CECLUB Div1 GpA"]
[Site "Don Benito"]
[Date "2012.08.03"]
[Round "5"]
[White "Illescas Cordoba, Miguel"]
[Black "Quesada Perez, Yuniesky"]
[Result "1-0"]
[WhiteElo "2601"]
[BlackElo "2623"]
[Annotator "Illescas Cordoba,M"]
[PlyCount "97"]
[EventDate "2012.07.30"]
[EventType "team"]
[EventRounds "5"]
[EventCountry "ESP"]
[SourceTitle "EXT 2014"]
[Source "ChessBase"]
[SourceDate "2013.11.20"]
[SourceVersion "1"]
[SourceVersionDate "2013.11.20"]
[SourceQuality "1"]
[WhiteTeam "Cajacanarias"]
[BlackTeam "Barbera"]
[WhiteTeamCountry "ESP"]
[BlackTeamCountry "ESP"]

1. Nf3 Nf6 2. c4 b6 3. d4 e6 4. g3 Bb7 5. Bg2 Bb4+ 6. Bd2 c5 7. Bxb4 (7. O-O
O-O 8. Bxb4 cxb4 {is only a transposition}) 7... cxb4 8. O-O O-O 9. Nbd2 d6 {
Black is doing fine in this line.} 10. e3 {This move is not very popular} ({
People play here} 10. Re1 {with the idea of e4}) ({Or} 10. Qb3 a5 11. a3) 10...
a5 $5 (10... Nbd7 11. Qb3 (11. Ne1 Bxg2 12. Kxg2 b5 $5 {1/2-1/2 (62) Sokolov,I
(2640)-Schmittdiel,E (2450) Leiden 1993}) 11... a5 12. a3 {and black can't
give support to the pawn with Na6} bxa3 13. bxa3 $14 {I thought white may be
slightly better}) 11. a3 Na6 {A very natural and solid setup. It is not easy
to find a good plan for white.} 12. Ne1 $146 (12. Qe2 Re8 13. Rfd1 Qc7 14. e4
e5 $11 {1/2-1/2 (28) Usoltseva,P-Shvayger,Y Odessa 2007}) 12... Bxg2 13. Kxg2
d5 $11 {The position is pretty equal after the opening. Black wants to clear
the situation in the center.} 14. Kg1 Qe7 15. cxd5 exd5 $5 {[%cal Ge7e6,Ge6h3,
Ya6c7,Yc7e6,Ye6g5,Rh7h4] A bit risky but perfectly playable. Black admits a
worst pawn structure to get some initiative on the center and the kingside.}
16. a4 Rac8 17. Nd3 Nc7 18. Nf3 Nce8 {[%cal Ge8d6,Gd6e4,Gd6c4]} 19. Nf4 {
[%csl Yd5]} Nd6 20. Ne5 Nc4 {[%cal Yc4b2]} 21. Ned3 {[%csl Yb2][%cal Gd3b2]}
Qe4 22. Rc1 g5 $5 {[%csl Gf4,Rg8] Very committing. Of course it was possible
to play any other solid move but black becomes ambitious.} 23. Ng2 Qf5 24. f3
Rfe8 $2 {A mistake, clearly missing the strenght of white's answer.} ({
Something like} 24... Qe6 {would keep the position more or less balanced.}) 25.
e4 $1 {[%csl Yf6][%cal Gf1f6]} dxe4 {A sad decission, but} ({after} 25... Qe6
26. e5 Nd7 27. f4 {[%csl Rg8] white would be winning}) 26. fxe4 Qxe4 {
Sacrificing a piece.} ({A passive defence would not help:} 26... Qg6 27. b3 $1
Na3 {[%csl Ra3]} 28. Rxc8 Rxc8 29. Ne5 Qg7 30. Ne3 {[%cal Ge3f5] and the game
is over.}) 27. Rxf6 Qxd4+ 28. Rf2 Red8 {[%csl Yd3]} 29. Qh5 $5 {[%csl Yf7,Yg5,
Rg8]} ({Maybe it was better} 29. Nge1 Ne3 30. Qd2 Rxc1 31. Qxc1 Ng4 32. Nc2 $1
{but this move was very difficult to foresee.}) 29... f6 $2 {This move gives
up material and white will be glad to keep it.} (29... Qxd3 30. Qxf7+ Kh8 31.
Qf6+ Kg8 {and while white has the better chances it is not easy to find a
clear win.}) 30. Nge1 $1 {[%csl Gc1,Gd3,Ge1,Gf2]} ({After} 30. Nde1 $2 Nxb2 {
white knights look quite stupid.}) 30... Ne3 31. Rxc8 Rxc8 32. h3 {[%csl Yg4]
[%cal Re3g4,Gh3g4]} b3 33. Qf3 $1 {A good idea. The queen was not useful on h5
anymore} Nd5 34. Kh2 Re8 35. Ng2 $1 {[%csl Ye3,Gg2][%cal Rd5e3] A solid move
which consolidates white's advantange. Square e3 is well protected now} Rc8 {
[%cal Gc8c2]} 36. Nde1 {[%csl Yc2][%cal Ge1c2,Rc8c2] To stop Rc2} ({The
machine offers} 36. Re2 Qc4 (36... Rc2 $2 37. Re4 $1 {[%csl Rd4]}) 37. Ne5 $1
fxe5 38. Rxe5 {[%csl Rd5,Rg5] but we, humans, don't play like this.}) 36... Re8
37. Re2 {This is the simplest, but still some accuracy will be needed.} Rxe2
38. Qxe2 Kf7 39. Qf3 $1 {[%csl Yb3][%cal Gf3b3]} Qc4 40. Qf5 $1 {[%csl Gf5,Yh7]
[%cal Gf5h7] White queen becomes very dominant.} Ke7 41. Nf3 $1 {[%cal Gf3d2,
Gd2e4] And now the knight joins the battle.} Kd6 42. Nd2 $1 {[%csl Yc4][%cal
Gd2b3,Gd2e4,Gd2c4]} ({It is too early for} 42. Qxh7 $2 Qc2 $1 {[%csl Rb2,Gd5]
and black has real hopes.}) 42... Qd4 43. Ne4+ $1 ({Again, it is not yet time
to "cash". After} 43. Nxb3 $2 Qd1 $1 {the white knight would be in trouble.})
43... Ke7 (43... Kc6 44. Qe6+ Kc7 45. Qd6+ {would transpose to the game. Black
tries to avoid this check on d6.}) 44. Qxh7+ Ke6 45. Qg8+ $1 {The last precise
move. The rest is easy.} Ke7 (45... Kf5 46. Nd6+ Ke5 47. Nb5 Qxb2 48. Qe8+ Kf5
49. Nd6#) 46. Qg7+ $1 Kd8 ({The point is} 46... Ke6 47. Nxg5+) 47. Qf8+ {
Now this is even stronger than Nxg5} Kc7 48. Qd6+ Kc8 49. Nc3 {[%csl Rd5]} 1-0

[Event "Essen op"]
[Site "Essen"]
[Date "1996.04.06"]
[Round "3"]
[White "Kalinitschew, Sergey"]
[Black "Bunzmann, Dimitrij"]
[Result "1/2-1/2"]
[WhiteElo "2505"]
[BlackElo "2300"]
[Annotator "Kalinitschew,S"]
[PlyCount "121"]
[EventDate "1996.04.05"]
[EventType "swiss"]
[EventRounds "7"]
[EventCountry "GER"]
[SourceTitle "EXT 1999"]
[Source "ChessBase"]
[SourceDate "1998.11.16"]
[SourceVersion "1"]
[SourceVersionDate "1998.11.16"]
[SourceQuality "1"]

1. d4 Nf6 2. c4 e6 3. Nf3 b6 4. g3 Bb4+ 5. Bd2 Be7 6. Nc3 Bb7 7. Bg2 O-O 8. O-O
d5 9. cxd5 exd5 10. Ne5 c6 11. Qa4 a5 12. Rfd1 b5 13. Qc2 Nbd7 14. Nd3 Re8 15.
Bg5 Qb6 16. e3 Bd6 17. Bxf6 Nxf6 18. Rac1 Rac8 19. Ne2 Rc7 20. Bh3 Ne4 21. Nc5
Bxc5 22. dxc5 Qa7 23. Nd4 g6 24. Bg2 f5 25. h4 Qb8 26. Bf3 h5 27. Kg2 Qd8 28.
Ne2 Qf6 29. Nf4 Ba6 30. a3 Rce7 31. Rd4 Rb8 32. Rcd1 Qf7 33. b4 a4 34. Qb2 Bc8
35. R4d3 Qg7 36. Qxg7+ Kxg7 37. Ne2 Bd7 38. Nd4 Kf7 39. Re1 Be8 40. Bd1 Nf6 41.
Bc2 Bd7 42. Kf1 Rf8 43. Ke2 Ng4 44. Nf3 Ke8 45. Rd4 Kd8 46. Red1 Kc7 47. R1d3
Bc8 48. Rc3 Bd7 49. Bd3 Rfe8 50. Rf4 Rf8 51. Ke1 Rfe8 52. Bf1 Re4 53. Bh3 Nf6
54. Bg2 Ng4 55. Ng5 Rxf4 56. gxf4 d4 57. Rd3 dxe3 58. fxe3 Nxe3 59. Kf2 Ng4+
60. Kf3 Be6 61. Kg3 {2.35-2.33} (61. Kg3 Bc4 62. Rd6 Re3+ 63. Bf3 Bd5 64. Kg2
Bxf3+ (64... Re2+ 65. Kg3 Re3 $11) 65. Nxf3 Rxa3 66. Nd4 $13) 1/2-1/2

[Event "Julian Borowski-A 2nd"]
[Site "Essen"]
[Date "2000.05.06"]
[Round "9"]
[White "Huebner, Robert"]
[Black "Bischoff, Klaus"]
[Result "0-1"]
[WhiteElo "2620"]
[BlackElo "2544"]
[Annotator "Knaak,R"]
[PlyCount "70"]
[EventDate "2000.04.27"]
[EventType "tourn"]
[EventRounds "9"]
[EventCountry "GER"]
[EventCategory "15"]
[SourceTitle "CBM 077"]
[Source "ChessBase"]
[SourceDate "2000.07.27"]
[SourceVersion "1"]
[SourceVersionDate "2000.07.27"]
[SourceQuality "1"]

{[%mdl 2]} 1. d4 Nf6 2. c4 e6 3. Nf3 b6 4. g3 Bb7 5. Bg2 Bb4+ 6. Bd2 Be7 7. Nc3
c6 8. O-O O-O 9. Rc1 {Der Zug leistet nicht viel, Weiß würde lieber Ne5
spielen, da aber Schwarz d7-d5 hinausgezögert hat, würde auf den Springerzug
d6 folgen.} d5 10. Ne5 Nfd7 11. f4 Nxe5 12. fxe5 Na6 13. cxd5 cxd5 {Weiß
sollte noch etwas besser stehen.} 14. Bf4 Nc7 15. Qd2 Qd7 16. Bg5 Bxg5 17. Qxg5
Rac8 18. Qd2 ({Aggressiver erscheint mir} 18. Rf4) 18... Nb5 19. Rf4 Nxc3 20.
bxc3 Qe7 21. Rcf1 Rc7 22. R1f3 Bc6 23. h4 Rfc8 {Anders kann Schwarz nicht
umgruppieren.} 24. Bh3 $2 {Das scheint mir eine Verkennung der Lage zu sein.} (
{Nach} 24. Rxf7 Qxf7 25. Rxf7 Rxf7 26. Bh3 Bd7 27. Qb2 {kann doch Weiß nicht
schlechter stehen.}) 24... Be8 {Aber nun ist am Königsflügel Ruhe und auf der
anderen Seite hat Schwarz die besseren Karten.} 25. Qb2 b5 {Mit der Idee a5
und b4.} 26. Qb4 Qxb4 27. cxb4 h6 28. Ra3 Rc1+ 29. Kf2 R8c7 30. Ra6 R1c6 31.
Ra5 ({Auch nach} 31. Rxc6 Rxc6 32. a3 Rc4 {hat Weiß Schwierigkeiten}) 31... Rc4
32. a3 Bd7 33. e3 Rc2+ 34. Kf3 Rc1 {Weiß ist in keiner beneidenswerten Lage,
hat keinen einfachen Verteidigungsplan, kann immer nur reagieren. Andererseits
besitzt Schwarz auch keinen klaren Gewinnplan. Immerhin würde die Überführung
des Königs von g8 nach e7 und vielleicht noch weiter in Frage kommen. Dass die
Partie schon einen Zug später zu Ende ist, ahnt man noch nicht.} 35. Kg4 $2 f5+
$1 (35... f5+ 36. Kh5 (36. Kf3 g5) (36. exf6 e5+) 36... Be8#) 0-1

[Event "Olympiad-40"]
[Site "Istanbul"]
[Date "2012.08.30"]
[Round "3.1"]
[White "Aronian, Levon"]
[Black "Vallejo Pons, Francisco"]
[Result "1-0"]
[WhiteElo "2816"]
[BlackElo "2697"]
[Annotator "Krasenkow,M"]
[PlyCount "87"]
[EventDate "2012.08.28"]
[EventType "team-swiss"]
[EventRounds "11"]
[EventCountry "TUR"]
[SourceTitle "CBM 151"]
[Source "ChessBase"]
[SourceDate "2012.11.13"]
[SourceVersion "1"]
[SourceVersionDate "2012.11.13"]
[SourceQuality "1"]
[WhiteTeam "Armenia"]
[BlackTeam "Spain"]
[WhiteTeamCountry "ARM"]
[BlackTeamCountry "ESP"]

1. d4 Nf6 2. c4 e6 3. Nf3 b6 4. g3 Bb4+ 5. Bd2 Bxd2+ 6. Qxd2 Bb7 7. Bg2 O-O 8.
O-O d6 9. Qc2 (9. Nc3 Ne4) 9... c5 {This move is very appropriate in this
structure when White can't reply d4-d5.} 10. Rd1 (10. dxc5 bxc5 (10... dxc5 $11
) 11. Nc3 Nc6 12. Rad1 Qe7 13. e4 Ng4 14. Ne2 Nge5 15. Nd2 Qf6 16. h3 Nb4 17.
Qb1 Rab8 18. a3 Nbc6 19. f4 Ng6 20. b4 Nd4 $11 {1/2 Budo,A-Kan,I/Moscow 1931/
URS-ch (48)}) (10. Nc3 {is more common but Black gets a solid position in any
case:} cxd4 (10... Nc6 $5 11. Rfd1 (11. Rad1 Qe7 12. e4 e5 (12... cxd4) 13.
dxe5 dxe5 14. Nd5 {1-0 Nedeljkovic,S-Matanovic,A/Zagreb 1949/EXT 2000 (28)} Qd8
$1 $11) 11... Qe7 12. e4 (12. e3 Rac8 13. d5 exd5 14. cxd5 Nb4 15. Qb3 {
1/2 Pantsulaia,L (2465)-Kuparadze,G (2227)/Nakhchivan 2003/EXT 2004 (28)} Nd3
$1 $132) 12... cxd4 (12... e5 $5 13. dxe5 dxe5 14. Nd5 Qd8) 13. Nxd4 Ne5 $1 (
13... Rac8 14. Nxc6 Bxc6 15. Rd4 Rfd8 16. Rad1 e5 17. R4d2 a6 18. Qb3 $14 {
1-0 Piket,J (2540)-Shamkovich,L (2425)/Palma de Mallorca 1989/TD (41)}) 14. b3
a6 {with quite a satisfactory hedgehog}) 11. Nxd4 Bxg2 12. Kxg2 Qc7 (12... Qc8
13. b3 (13. Qd3 Nc6 14. Nxc6 Qxc6+ 15. e4 Rfd8 16. Rad1 Rd7 17. Rd2 Rc8 18. b3
b5 $15 {1/2 Vidmar,M-Tylor,T/Hastings 1936/HCL (26)}) (13. Rfd1 $5 Qxc4 14.
Ncb5 Qxc2 15. Nxc2 Rc8 16. Rxd6 a6 17. Nc3 Nc6 $11) 13... Nc6 14. Rfd1 (14.
Ndb5 d5 15. cxd5 Nb4 16. Qd2 Nbxd5 17. Nxd5 Nxd5 18. Rac1 Qb7 19. e4 Nf6 20. f3
Rfd8 21. Qe2 Ne8 22. a4 a6 23. Na3 Qe7 {1/2 Benjamin,J (2560)-Franzoni,G (2455)
/Novi Sad 1990/TD}) 14... d5 (14... Qb7 $142 15. f3 Rfd8 {[%cal Ya7a6]}) 15.
cxd5 Nb4 16. Qd2 Nbxd5 17. Nxd5 Qb7 {1-0 Portisch,L (2600)-Andersson,U (2640)/
Indonesia 1983/MCD (49)} 18. f3 Qxd5 19. e4 $14) (12... a6 13. Rfd1 Qc7 14. b3
Rc8 15. Rac1 h6 (15... Nbd7 $5) 16. Qd3 Nbd7 17. Nf3 Ne8 18. Kg1 Qb8 19. Nd4
Ra7 $1 20. Rc2 Rac7 21. Rdc1 Nef6 22. Nf3 Rc5 $11 {0-1 Ligterink,G (2445)
-Andersson,U (2630)/Wijk aan Zee 1984/MCL/[Chekhov] (43)}) 13. Qd3 (13. Rfd1 a6
$5 {- see above}) 13... a6 14. b3 Nbd7 15. e4 Ne5 16. Qe3 Rfe8 17. Rfd1 Rad8
18. h3 Ng6 19. Nf3 {1/2 Grigorov,G (2489)-Erdos,V (2631)/Plovdiv 2012/CBM 148 
(41)} Rd7 $11) 10... cxd4 (10... Qe7 11. Nc3 Nc6 {- see above Piket-Shamkovich}
) 11. Nxd4 Bxg2 12. Kxg2 Qc8 13. Nd2 {Of course, this is too passive to be
dangerous but the whole game is still ahead.} a6 14. N4f3 Qc6 (14... b5 $2 {
is premature due to} 15. Ne4) 15. Rac1 Nbd7 $11 16. g4 $5 Ne5 (16... Nxg4 $143
17. Qe4 $1 $14 {regaining the more important d6-pawn.}) 17. g5 Nh5 (17... Nxf3
$5 18. exf3 Nh5 19. Qe4 Qe8) 18. Qe4 Qxe4 19. Nxe4 Nf4+ 20. Kf1 Nxf3 21. exf3
d5 22. cxd5 exd5 $6 (22... Nxd5 $142 23. Nc3 Nf4 24. Rd6 (24. Na4 b5 25. Nb6
Rad8) 24... Rab8 25. Rcd1 f6 $132) 23. Nc3 f6 (23... Rfd8 24. Rd4) 24. Nxd5
Nxd5 25. Rxd5 {[%mdl 4096]} fxg5 26. Rc7 {[%cal Rd5d7]} Rf7 (26... Rac8 27.
Rxc8 Rxc8 28. Rd6 Rb8 {[%cal Yg8f8,Yf8e7]} 29. b4 Kf8 30. a4 Ke7 31. Rc6 Kd7
32. b5 $14) 27. Rxf7 Kxf7 28. Rd7+ Kg8 29. Rb7 b5 30. Rb6 $14 Rc8 (30... Ra7
31. Kg2 g6 32. Kg3 Kg7 {was probably quite solid for Black. If White's king
goes to the queenside, Black can advance his kingside pawns and play ...
Ra7-f7xf3. Meanwhile,} 33. f4 {can be met with} gxf4+ 34. Kxf4 Rf7+ 35. Kg3 (
35. Ke3 Re7+ 36. Kd3 Rf7) 35... Rf6 $11) 31. b4 (31. Rxa6 Rc1+ 32. Kg2 Rc2 33.
b4 Kf7 34. Ra5 h6 35. a3 Rc3) 31... Ra8 32. a3 Kf7 (32... g6 $142 {[%cal Yg8g7]
- see annotation to move 30.}) 33. Kg2 h6 34. f4 {This is quite appropriate
now.} gxf4 35. Kf3 Rc8 (35... Ke7 36. Kxf4 Rf8+ 37. Ke3 Rf6 $2 {doesn't work
now as the pawn endgame is winning for White:} 38. Rxf6 gxf6 (38... Kxf6 39.
Kd4) 39. Kf4 Ke6 40. Kg4 Kf7 41. Kf5 $18) 36. Rxa6 Rc2 $6 (36... Rc3+ 37. Kxf4
Rh3 38. Ra5 Rxh2 39. Rxb5 (39. Kg3 Rh5 40. a4 Rg5+) (39. Kf3 Ke6 40. Rxb5 Rh3+)
39... Rxf2+ 40. Ke5 g5 {, and Black should not lose}) 37. h4 g5 $2 {A bad move,
after which White ends up with two extra pawns.} (37... Ra2 $142 38. h5 Ke7 39.
Ra5 (39. Rb6 Rxa3+ 40. Kxf4 {White wins the b5-pawn but still hardly the game.}
) 39... Kd6 40. Kg4 (40. Ke4 Re2+ 41. Kd4 Rd2+) 40... Kc6 41. f3 Rg2+ 42. Kxf4
Rg5 {keeping drawing chances.}) 38. Rxh6 Rc3+ (38... g4+ 39. Kxg4 Rxf2 40. Rb6
$18) 39. Ke4 gxh4 40. Rxh4 Rxa3 41. Rxf4+ Ke6 42. Rf5 Ra2 43. f3 Re2+ 44. Kf4
1-0